All Mario Sports Characters - Statistics

General Stats
  • This quiz has been taken 81 times
    57 since last reset
  • The average score is 122 of 184
Answer Stats
Series First Game Answer % Correct
Mario Tennis Mario's Tennis Luigi
100%
Mario Golf NES Open Tournament Golf Luigi
100%
Mario Strikers Super Mario Strikers Luigi
100%
Mario Baseball Mario Superstar Baseball Luigi
100%
Mario & Sonic Olympic Games Luigi
100%
Other Dance Dance Revolution: Mario Mix Luigi
100%
Mario Tennis Mario's Tennis Mario
100%
Mario Golf NES Open Tournament Golf Mario
100%
Mario Strikers Super Mario Strikers Mario
100%
Mario Baseball Mario Superstar Baseball Mario
100%
Mario & Sonic Olympic Games Mario
100%
Other Dance Dance Revolution: Mario Mix Mario
100%
Mario Tennis Mario Tennis Bowser
97%
Mario Golf Mario Golf Bowser
97%
Mario Strikers Mario Strikers Charged Bowser
97%
Mario Baseball Mario Superstar Baseball Bowser
97%
Mario & Sonic Olympic Games Bowser
97%
Other Mario Hoops: 3-on-3 Bowser
97%
Mario Tennis Mario's Tennis Peach
97%
Mario Golf Mario Golf Peach
97%
Mario Strikers Super Mario Strikers Peach
97%
Mario Baseball Mario Superstar Baseball Peach
97%
Mario & Sonic Olympic Games Peach
97%
Other Mario Hoops: 3-on-3 Peach
97%
Mario Tennis Mario Tennis Daisy
91%
Mario Golf Mario Golf: Toadstool Tour Daisy
91%
Mario Strikers Super Mario Strikers Daisy
91%
Mario Baseball Mario Superstar Baseball Daisy
91%
Mario & Sonic Olympic Games Daisy
91%
Other Mario Hoops: 3-on-3 Daisy
91%
Mario Tennis Mario's Tennis Toad
91%
Mario Golf Mario Golf: World Tour Toad
91%
Mario Strikers Super Mario Strikers Toad
91%
Mario Baseball Mario Superstar Baseball Toad
91%
Other Mario Sports Superstars Toad
91%
Mario Tennis Mario Tennis Waluigi
91%
Mario Golf Mario Golf: Toadstool Tour Waluigi
91%
Mario Strikers Super Mario Strikers Waluigi
91%
Mario Baseball Mario Superstar Baseball Waluigi
91%
Mario & Sonic Olympic Games Waluigi
91%
Other Mario Hoops: 3-on-3 Waluigi
91%
Mario Tennis Mario Tennis Wario
91%
Mario Golf Mario Golf Wario
91%
Mario Strikers Super Mario Strikers Wario
91%
Mario Baseball Mario Superstar Baseball Wario
91%
Mario & Sonic Olympic Games Wario
91%
Other Mario Hoops: 3-on-3 Wario
91%
Mario Tennis Mario Tennis Donkey Kong
89%
Mario Golf Mario Golf Donkey Kong
89%
Mario Strikers Super Mario Strikers Donkey Kong
89%
Mario Baseball Mario Superstar Baseball Donkey Kong
89%
Mario & Sonic Olympic Winter Games Donkey Kong
89%
Other Mario Hoops: 3-on-3 Donkey Kong
89%
Mario Tennis Mario Power Tennis Diddy Kong
86%
Mario Golf Mario Golf: Toadstool Tour Diddy Kong
86%
Mario Strikers Super Mario Strikers Diddy Kong
86%
Mario Baseball Mario Superstar Baseball Diddy Kong
86%
Mario & Sonic Rio 2016 Olympic Games (3DS) Diddy Kong
86%
Other Mario Hoops: 3-on-3 Diddy Kong
86%
Mario Tennis Mario's Tennis Yoshi
86%
Mario Golf Mario Golf Yoshi
86%
Mario Strikers Super Mario Strikers Yoshi
86%
Mario Baseball Mario Superstar Baseball Yoshi
86%
Mario & Sonic Olympic Games Yoshi
86%
Other Mario Hoops: 3-on-3 Yoshi
86%
Mario Tennis Mario Power Tennis Bowser Jr.
83%
Mario Golf Mario Golf: Toadstool Tour Bowser Jr.
83%
Mario Strikers Super Mario Strikers Bowser Jr.
83%
Mario Baseball Mario Superstar Baseball Bowser Jr.
83%
Mario & Sonic Olympic Winter Games Bowser Jr.
83%
Other Mario Hoops: 3-on-3 Bowser Jr.
83%
Mario Tennis Mario Tennis: Ultra Smash Rosalina
77%
Mario Golf Mario Golf: World Tour Rosalina
77%
Mario & Sonic Rio 2016 Olympic Games (3DS) Rosalina
77%
Other Mario Sports Superstars Rosalina
77%
Mario Tennis Mario Tennis Boo
74%
Mario Golf Mario Golf: Toadstool Tour Boo
74%
Mario Strikers Super Mario Strikers Boo
74%
Mario Baseball Mario Superstar Baseball Boo
74%
Other Mario Hoops: 3-on-3 Boo
74%
Mario Tennis Mario's Tennis Koopa
71%
Mario Golf Mario Golf: Toadstool Tour Koopa
71%
Mario Strikers Super Mario Strikers Koopa
71%
Mario Baseball Mario Superstar Baseball Koopa Troopa
71%
Other Mario Sports Superstars Koopa Troopa
71%
Mario Tennis Mario Tennis: Ultra Smash Toadette
71%
Mario Golf Mario Golf: World Tour Toadette
71%
Mario Baseball Mario Superstar Baseball Toadette
71%
Mario & Sonic Olympic Games Tokyo 2020 Toadette
71%
Mario Tennis Mario Tennis Shy Guy
69%
Mario Golf Mario Golf: Super Rush Shy Guy
69%
Mario Strikers Super Mario Strikers Shy Guy
69%
Mario Baseball Mario Superstar Baseball Shy Guy
69%
Other Mario Sports Superstars Shy Guy
69%
Mario Tennis Mario Tennis Baby Mario
63%
Mario Golf Mario Golf Baby Mario
63%
Mario Baseball Mario Superstar Baseball Baby Mario
63%
Other Mario Sports Superstars Baby Mario
63%
Mario Tennis Mario Tennis Birdo
63%
Mario Golf Mario Golf: Toadstool Tour Birdo
63%
Mario Strikers Super Mario Strikers Birdo
63%
Mario Baseball Mario Superstar Baseball Birdo
63%
Mario & Sonic Rio 2016 Olympic Games (3DS) Birdo
63%
Other Mario Hoops: 3-on-3 Birdo
63%
Mario Baseball Mario Superstar Baseball Goomba
63%
Other Mario Sports Superstars Goomba
63%
Mario Baseball Mario Superstar Baseball King Boo
63%
Mario Baseball Mario Superstar Baseball Baby Luigi
57%
Other Mario Sports Superstars Baby Luigi
57%
Mario Tennis Mario Tennis Aces Dry Bones
57%
Mario Strikers Super Mario Strikers Dry Bones
57%
Mario Baseball Mario Superstar Baseball Dry Bones
57%
Mario & Sonic Rio 2016 Olympic Games (3DS) Dry Bones
57%
Mario Baseball Mario Superstar Baseball Koopa Paratroopa
57%
Mario Tennis Mario Power Tennis Wiggler
57%
Mario Golf Mario Golf: Super Rush Wiggler
57%
Mario Baseball Mario Super Sluggers Wiggler
57%
Mario Tennis Mario Tennis Open Baby Peach
54%
Mario Baseball Mario Super Sluggers Baby Peach
54%
Mario Baseball Mario Superstar Baseball Dixie Kong
54%
Other Mario Hoops: 3-on-3 Dixie Kong
54%
Mario Baseball Mario Super Sluggers Funky Kong
54%
Mario Tennis Mario Tennis Aces Pauline
54%
Mario Golf Mario Golf: Super Rush Pauline
54%
Mario Strikers Mario Strikers: Battle League Pauline
54%
Mario Baseball Mario Super Sluggers Baby Daisy
51%
Mario Tennis Mario Tennis Aces Chain Chomp
49%
Mario Tennis Mario Tennis Aces Kamek
46%
Mario Golf Mario Golf: World Tour Kamek
46%
Mario Tennis Mario Tennis Open Luma
46%
Mario Baseball Mario Superstar Baseball Magikoopa
46%
Other Mario Sports Superstars Magikoopa
46%
Mario Tennis Mario Tennis Open Metal Mario
46%
Mario Golf Mario Golf Metal Mario
46%
Other Mario Sports Superstars Metal Mario
46%
Mario Tennis Mario Power Tennis Paratroopa
46%
Mario Golf Mario Golf: World Tour Paratroopa
46%
Other Mario Hoops: 3-on-3 Paratroopa
46%
Mario Tennis Mario Power Tennis Petey Piranha
46%
Mario Golf Mario Golf: Toadstool Tour Petey Piranha
46%
Mario Strikers Super Mario Strikers Petey Piranha
46%
Mario Baseball Mario Superstar Baseball Petey Piranha
46%
Mario & Sonic Rio 2016 Olympic Games (3DS) Roy
46%
Mario Baseball Mario Superstar Baseball Toadsworth
46%
Mario Strikers Super Mario Strikers Hammer Bro.
43%
Mario Baseball Mario Superstar Baseball Hammer Bro
43%
Other Mario Sports Superstars Hammer Bro
43%
Mario & Sonic Rio 2016 Olympic Games (3DS) Wendy
43%
Mario Baseball Mario Super Sluggers King K. Rool
40%
Mario & Sonic Rio 2016 Olympic Games (3DS) Larry
40%
Mario & Sonic Rio 2016 Olympic Games (3DS) Ludwig
40%
Mario Baseball Mario Superstar Baseball Pianta
40%
Mario Tennis Mario Tennis Aces Spike
40%
Other Mario Sports Superstars Spike
40%
Mario Baseball Mario Super Sluggers Tiny Kong
40%
Mario Tennis Mario Tennis Aces Blooper
37%
Mario Baseball Mario Super Sluggers Blooper
37%
Mario Tennis Mario Tennis Open Dry Bowser
37%
Mario & Sonic Rio 2016 Olympic Games (3DS) Dry Bowser
37%
Mario Tennis Mario Power Tennis Fly Guy
37%
Other Mario Hoops: 3-on-3 Fly Guy
37%
Mario Strikers Super Mario Strikers Monty Mole
37%
Mario Baseball Mario Superstar Baseball Monty Mole
37%
Mario Baseball Mario Superstar Baseball Noki
37%
Mario Strikers Super Mario Strikers Kritter
34%
Mario Baseball Mario Super Sluggers Kritter
34%
Mario Baseball Mario Superstar Baseball Paragoomba
34%
Mario Tennis Mario Tennis Aces Boom Boom
31%
Mario Strikers Mario Strikers: Battle League Boom Boom
31%
Mario & Sonic Rio 2016 Olympic Games (Wii U) Boom Boom
31%
Other Mario Sports Superstars Boom Boom
31%
Mario Tennis Mario's Tennis Donkey Kong Jr.
31%
Other Mario Sports Superstars Pink Gold Peach
31%
Mario Golf Mario Golf: Super Rush Chargin' Chuck
29%
Mario Golf Mario Golf: World Tour Nabbit
29%
Mario & Sonic Rio 2016 Olympic Games (3DS) Nabbit
29%
Mario Golf Mario Golf: Super Rush King Bob-omb
26%
Other Mario Sports Superstars Pom Pom
26%
Mario Baseball Mario Super Sluggers Baby DK
23%
Mario Tennis Mario Tennis Aces Fire Piranha Plant
23%
Mario Golf Mario Golf: Super Rush Ninji
23%
Mario Tennis Mario Tennis: Ultra Smash Sprixie Princess
23%
Mario Golf Mario Golf: World Tour Gold Mario
20%
Mario Golf Mario Golf: Toadstool Tour Shadow Mario
20%
No matching quizzes found
Score Distribution
Percent of People with Each Score
Percentile by Number Answered
Your Score History
You have not taken this quiz since the last reset